Géographie - Les 20 villes les plus peuplées de Charente-Maritime - Statistiques

Statistiques générales
  • Ce quiz a été pris 51 fois
  • Le résultat moyen est 8 sur 20
Statistiques - réponses
HINT HINT ANSWER % Correct
79 961 L La Rochelle
98%
23 188 R Rochefort
95%
19 322 R Royan
95%
25 312 S Saintes
90%
6 679 S Saint-Jean-d'Angély
68%
6 861 S Surgères
53%
9 759 A Aytré
45%
7 314 S Saujon
35%
5 093 S Saint-Georges-de-Didonne
33%
6 665 S Saint-Pierre-d'Oléron
33%
8 248 T Tonnay-Charente
33%
8 802 P Périgny
30%
7 594 L Lagord
28%
6 668 P Puilboreau
25%
6 084 D Dompierre-sur-Mer
18%
5 805 N Nieul-sur-Mer
18%
6 440 C Châtelaillon-Plage
15%
5 531 S Saint-Xandre
15%
6 148 M Marennes-Hiers-Brouage
13%
5 016 S Sainte-Soulle
10%
Aucun quiz correspondant
Distribution des résultats
% des personnes avec chaque résultat
Percentile par nombre de réponses
Votre historique - résultats
Vous n’avez pas pris ce quiz